000 00493nam a2200145Ia 4500
008 100122s9999 xx 000 0 und d
082 _b66662
_a920
100 _aजाधव नरेंद्र
245 _aआमचा बाप आन् आम्ही
260 _bग्रंथाली प्रकाशन
_c2004
300 _a270
630 _aआमचा बाप आन् आम्ही
730 _aआमचा बाप आन् आम्ही
942 _cBOOK
999 _c439125
_d439122